Statistics for US States with the most Casinos

Click here to take the quiz!

General Stats

  • This quiz has been taken 57 times
  • The average score is 7 of 10

Answer Stats

Hint Answer % Correct
334Nevada
100%
35Florida
87%
62California
85%
34Arizona
81%
40Colorado
78%
32Washington
69%
134Oklahoma
67%
30Michigan
65%
35Mississippi
65%
39South Dakota
41%

Score Distribution

Percentile by Number Answered

Percent of People with Each Score

Your Score History

You have not taken this quiz